IPL Centurions - Statistics

General Stats
  • This quiz has been taken 199 times
  • The average score is 34 of 58
Answer Stats
Hint Answer % Correct
RCB vs GL 2016, 100* (63) Virat Kohli
96%
RCB vs RPS 2016, 108* (58) Virat Kohli
96%
RCB vs GL 2016, 109 (55) Virat Kohli
96%
RCB vs KXIP 2016, 113 (50) Virat Kohli
96%
RCB vs KKR 2019, 100 (58) Virat Kohli
96%
RCB vs KKR 2011, 102* (55) Chris Gayle
88%
RCB vs KXIP 2011, 107 (49) Chris Gayle
88%
RCB vs DD 2012, 128* (62) Chris Gayle
88%
RCB vs PWI 2013, 175* (66) Chris Gayle
88%
RCB vs KXIP 2015, 117 (57) Chris Gayle
88%
KXIP vs SRH 2018, 104* (63) Chris Gayle
88%
DD vs CSK 2009, 105* (54) AB de Villiers
81%
RCB vs MI 2015, 133* (59) AB de Villiers
81%
RCB vs GL 2016, 129* (52) AB de Villiers
81%
MI vs KKR 2012, 109* (60) Rohit Sharma
81%
DD vs KKR 2010, 107* (69) David Warner
73%
DD vs DC 2012, 109* (54) David Warner
73%
SRH vs KKR 2017, 126 (59) David Warner
73%
SRH vs RCB 2019, 100* (55) David Warner
73%
KKR vs RCB 2008, 158* (73) Brendon McCullum
72%
CSK vs SRH 2015, 100* (56) Brendon McCullum
72%
RR vs CSK 2013, 101 (58) Shane Watson
68%
RR vs KKR 2015, 104* (59) Shane Watson
68%
CSK vs RR 2018, 106 (57) Shane Watson
68%
CSK vs SRH 2018, 117* (57) Shane Watson
68%
CSK vs KXIP 2013, 100* (53) Suresh Raina
66%
KXIP vs MI 2019, 100* (64) KL Rahul
65%
MI vs KTK 2011, 100* (66) Sachin Tendulkar
65%
RPS vs GL 2016, 101 (54) Steve Smith
52%
DD vs RPS 2017, 102 (63) Sanju Samson
50%
RR vs SRH 2019, 102* (55) Sanju Samson
50%
RPS vs GL 2017, 103* (63) Ben Stokes
49%
DD vs DC 2011, 119 (56) Virender Sehwag
49%
KXIP vs CSK 2014, 122 (58) Virender Sehwag
49%
DD vs SRH 2018, 128* (63) Rishabh Pant
48%
DC vs MI 2008, 109* (47) Adam Gilchrist
45%
KXIP vs RCB 2011, 106 (55) Adam Gilchrist
45%
RCB vs DC 2009, 114* (73) Manish Pandey
44%
RR vs RCB 2012, 103* (60) Ajinkya Rahane
43%
RR vs DC 2019, 105* (63) Ajinkya Rahane
43%
CSK vs RR 2010, 127 (56) Murali Vijay
43%
CSK vs DD 2012, 113 (58) Murali Vijay
43%
SRH vs RCB 2019, 114 (56) Jonny Bairstow
41%
CSK vs KXIP 2008, 116* (54) Michael Hussey
41%
KXIP vs RCB 2013, 101* (38) David Miller
37%
CSK vs SRH 2018, 100* (62) Ambati Rayudu
36%
KXIP vs RR 2008, 115 (69) Shaun Marsh
36%
KXIP vs KKR 2014, 115* (55) Wriddhiman Saha
35%
RR vs MI 2010, 100 (37) Yusuf Pathan
35%
DD vs RCB 2016, 108 (51) Quinton de Kock
34%
KXIP vs MI 2017, 104* (60) Hashim Amla
33%
KXIP vs GL 2017, 104 (60) Hashim Amla
33%
KXIP vs CSK 2011, 120* (63) Paul Valthaty
32%
MI vs CSK 2008, 114* (48) Sanath Jayasuriya
26%
DC vs RR 2008, 117* (53) Andrew Symonds
24%
DD vs DC 2012, 103* (64) Kevin Pietersen
24%
KXIP vs KKR 2010, 110* (59) Mahela Jayawardene
24%
MI vs KXIP 2014, 100* (61) Lendl Simmons
21%
No matching quizzes found
Score Distribution
Percent of People with Each Score
Percentile by Number Answered
Your Score History
You have not taken this quiz